[Event "DVM U20w 2023"]
[Site "Magdeburg GER"]
[Date "2023.12.29"]
[Round "6"]
[White "Ulrich, Helena Irene"]
[Black "Sokyrko, Sofiia"]
[Result "1-0"]
[Termination "normal"]
[Board "9.1"]
[WhiteElo "1779"]
[BlackElo "1456"]
[WhiteClock "00:46:59"]
[BlackClock "00:36:58"]
[WhiteTeam "SK Münster 32"]
[BlackTeam "SC Strateg Stuttgart"]
[PlyCount "103"]
[WhiteFideId "16256000"]
[BlackFideId "34165711"]
[EventCountry "GER"]
[EventRounds "7"]
[EventType "team-swiss"]
[EventDate "2023.12.26"]

1. e4 {[%clk 01:30:58]} e5 {[%clk 01:14:26]} {[%emt 00:01:55]} 2. Nf3 {[%clk
01:31:23]} {[%emt 00:00:04]} d5 {[%clk 01:14:35]} {[%emt 00:00:21]} 3. exd5
{[%clk 01:31:38]} {[%emt 00:00:15]} e4 {[%clk 01:13:12]} {[%emt 00:01:53]} 4.
Qe2 {[%clk 01:31:39]} {[%emt 00:00:30]} Nf6 {[%clk 01:11:46]} {[%emt 00:01:55]}
5. d3 {[%clk 01:31:09]} {[%emt 00:01:02]} Qxd5 {[%clk 01:11:45]} {[%emt
00:00:29]} 6. Nbd2 {[%clk 01:31:13]} {[%emt 00:00:27]} Be7 {[%clk 00:53:11]}
{[%emt 00:19:04]} 7. dxe4 {[%clk 01:28:29]} {[%emt 00:03:14]} Qd8 {[%clk
00:49:45]} {[%emt 00:03:56]} 8. Qd3 {[%clk 01:23:25]} {[%emt 00:05:34]} O-O
{[%clk 00:48:51]} {[%emt 00:01:24]} 9. Qxd8 {[%clk 01:22:41]} {[%emt 00:01:14]}
Rxd8 {[%emt 00:00:12]} 10. Bd3 {[%emt 00:03:39]} Nc6 {[%emt 00:00:40]} 11. a3
{[%clk 01:21:31]} {[%emt 00:01:38]} Ng4 {[%clk 00:43:22]} {[%emt 00:01:58]} 12.
O-O {[%clk 01:16:58]} {[%emt 00:05:04]} Nge5 {[%clk 00:42:33]} {[%emt
00:01:17]} 13. Nxe5 {[%clk 01:13:24]} {[%emt 00:04:06]} Nxe5 {[%clk 00:41:29]}
{[%emt 00:01:33]} 14. Be2 {[%clk 01:09:55]} {[%emt 00:04:00]} Be6 {[%clk
00:40:29]} {[%emt 00:01:29]} 15. Nf3 {[%clk 01:02:40]} {[%emt 00:07:47]} Nc6
{[%clk 00:37:36]} {[%emt 00:03:22]} 16. Be3 {[%clk 00:55:34]} {[%emt 00:07:36]}
Bf6 {[%clk 00:34:42]} {[%emt 00:03:23]} 17. Rab1 {[%clk 00:52:49]} {[%emt
00:03:17]} Nd4 {[%clk 00:34:16]} {[%emt 00:00:55]} 18. Nxd4 {[%clk 00:52:28]}
{[%emt 00:00:50]} Bxd4 {[%clk 00:34:39]} {[%emt 00:00:08]} 19. Bxd4 {[%clk
00:52:02]} {[%emt 00:00:56]} Rxd4 {[%clk 00:35:02]} {[%emt 00:00:08]} 20. Bf3
{[%clk 00:50:26]} {[%emt 00:02:05]} Rd2 {[%clk 00:34:52]} {[%emt 00:00:39]} 21.
Rbc1 {[%clk 00:49:33]} {[%emt 00:01:24]} c6 {[%clk 00:34:26]} {[%emt 00:00:56]}
22. Rfd1 {[%clk 00:48:56]} {[%emt 00:01:07]} Rad8 {[%clk 00:34:33]} {[%emt
00:00:24]} 23. Kf1 {[%clk 00:48:45]} {[%emt 00:00:42]} Bc4+ {[%clk 00:34:43]}
{[%emt 00:00:18]} 24. Ke1 {[%clk 00:49:03]} {[%emt 00:00:12]} Rxd1+ {[%clk
00:34:15]} {[%emt 00:00:58]} 25. Rxd1 {[%clk 00:49:30]} {[%emt 00:00:04]} Rxd1+
{[%clk 00:34:36]} {[%emt 00:00:09]} 26. Kxd1 {[%clk 00:49:53]} {[%emt
00:00:06]} Kf8 {[%clk 00:34:40]} {[%emt 00:00:26]} 27. Kd2 {[%clk 00:49:35]}
{[%emt 00:00:48]} Ke7 {[%clk 00:34:56]} {[%emt 00:00:14]} 28. Ke3 {[%clk
00:48:55]} {[%emt 00:01:11]} Kd6 {[%clk 00:34:04]} {[%emt 00:01:22]} 29. Be2
{[%clk 00:46:41]} {[%emt 00:02:44]} Be6 {[%clk 00:34:12]} {[%emt 00:00:21]} 30.
f4 {[%clk 00:46:53]} {[%emt 00:00:20]} g6 {[%clk 00:34:08]} {[%emt 00:00:32]}
31. g4 {[%clk 00:45:57]} {[%emt 00:01:26]} f5 {[%clk 00:34:27]} {[%emt
00:00:11]} 32. gxf5 {[%clk 00:44:39]} {[%emt 00:01:48]} gxf5 {[%emt 00:00:48]}
33. exf5 {[%clk 00:44:38]} Bxf5 {[%clk 00:34:20]} {[%emt 00:00:50]} 34. Bd3
{[%clk 00:44:44]} {[%emt 00:00:24]} Ke6 {[%clk 00:34:40]} {[%emt 00:00:10]} 35.
Bxf5+ {[%clk 00:44:08]} {[%emt 00:01:06]} Kxf5 {[%clk 00:35:00]} {[%emt
00:00:10]} 36. h3 {[%clk 00:44:18]} {[%emt 00:00:19]} h5 {[%clk 00:34:02]}
{[%emt 00:01:29]} 37. Kf3 {[%clk 00:43:34]} {[%emt 00:01:14]} b5 {[%clk
00:33:36]} {[%emt 00:00:57]} 38. b4 {[%clk 00:43:48]} {[%emt 00:00:16]} a6
{[%clk 00:33:47]} {[%emt 00:00:20]} 39. c3 {[%clk 00:43:25]} {[%emt 00:00:52]}
h4 {[%clk 00:33:59]} {[%emt 00:00:17]} 40. Ke3 {[%clk 00:43:49]} {[%emt
00:00:06]} Ke6 {[%clk 00:34:14]} {[%emt 00:00:15]} 41. Ke4 {[%clk 00:44:03]}
{[%emt 00:00:16]} Kf6 {[%clk 00:33:48]} {[%emt 00:00:56]} 42. f5 {[%clk
00:44:18]} {[%emt 00:00:16]} Kf7 {[%clk 00:34:11]} {[%emt 00:00:06]} 43. Ke5
{[%clk 00:44:30]} {[%emt 00:00:18]} Ke7 {[%clk 00:34:31]} {[%emt 00:00:11]} 44.
f6+ {[%clk 00:44:41]} {[%emt 00:00:19]} Kf7 {[%clk 00:34:55]} {[%emt 00:00:06]}
45. Kf5 {[%clk 00:45:03]} {[%emt 00:00:08]} Kf8 {[%clk 00:34:57]} {[%emt
00:00:29]} 46. Ke6 {[%clk 00:45:13]} {[%emt 00:00:19]} Ke8 {[%clk 00:35:19]}
{[%emt 00:00:07]} 47. f7+ {[%clk 00:45:25]} {[%emt 00:00:19]} Kf8 {[%clk
00:35:44]} {[%emt 00:00:04]} 48. Kf6 {[%clk 00:45:51]} {[%emt 00:00:05]} a5
{[%clk 00:36:04]} {[%emt 00:00:10]} 49. bxa5 {[%clk 00:46:13]} {[%emt
00:00:09]} b4 {[%clk 00:36:27]} {[%emt 00:00:07]} 50. a6 {[%clk 00:46:32]}
{[%emt 00:00:10]} b3 {[%clk 00:36:31]} {[%emt 00:00:26]} 51. a7 {[%clk
00:46:59]} {[%emt 00:00:02]} b2 {[%clk 00:36:58]} {[%emt 00:00:03]} 52. a8=Q#
{[%emt 00:00:05]} 1-0

[Event "DVM U20w 2023"]
[Site "Magdeburg GER"]
[Date "2023.12.29"]
[Round "6"]
[White "Korshak, Sofiia"]
[Black "Clauß, Annika"]
[Result "0-1"]
[Termination "normal"]
[Board "9.2"]
[WhiteElo "1435"]
[BlackElo "1556"]
[WhiteClock "00:01:12"]
[BlackClock "00:24:50"]
[WhiteTeam "SC Strateg Stuttgart"]
[BlackTeam "SK Münster 32"]
[PlyCount "82"]
[WhiteFideId "34176403"]
[BlackFideId "16261380"]
[EventCountry "GER"]
[EventRounds "7"]
[EventType "team-swiss"]
[EventDate "2023.12.26"]

1. Nf3 {[%clk 01:30:58]} {[%emt 00:00:02]} Nf6 {[%clk 01:30:12]} {[%emt
00:00:47]} 2. g3 {[%clk 01:31:10]} {[%emt 00:00:19]} b6 {[%clk 01:30:22]}
{[%emt 00:00:20]} 3. d4 {[%clk 01:28:42]} {[%emt 00:02:57]} Bb7 {[%clk
01:30:06]} {[%emt 00:00:47]} 4. Bg2 {[%clk 01:28:19]} {[%emt 00:00:52]} g6
{[%clk 01:28:39]} {[%emt 00:01:58]} 5. O-O {[%clk 01:24:19]} {[%emt 00:04:30]}
Bg7 {[%clk 01:26:40]} {[%emt 00:02:28]} 6. Bf4 {[%clk 01:22:41]} {[%emt
00:02:06]} d6 {[%clk 01:24:48]} {[%emt 00:02:24]} 7. Nc3 {[%clk 01:13:39]}
{[%emt 00:09:33]} Nh5 {[%clk 01:14:28]} {[%emt 00:10:50]} 8. e4 {[%clk
01:05:28]} {[%emt 00:08:40]} Nxf4 {[%clk 01:05:18]} {[%emt 00:09:40]} 9. gxf4
{[%clk 01:05:49]} {[%emt 00:00:07]} Nd7 {[%clk 01:00:58]} {[%emt 00:04:51]} 10.
Qd3 {[%clk 00:59:06]} {[%emt 00:07:13]} Qc8 {[%clk 00:57:21]} {[%emt 00:04:07]}
11. Ne2 {[%clk 00:56:20]} {[%emt 00:03:16]} c5 {[%clk 00:39:42]} {[%emt
00:18:08]} 12. c4 {[%clk 00:51:00]} {[%emt 00:05:51]} cxd4 {[%clk 00:39:34]}
{[%emt 00:00:38]} 13. Nfxd4 {[%clk 00:49:01]} {[%emt 00:02:29]} Nc5 {[%clk
00:37:36]} {[%emt 00:02:28]} 14. Qe3 {[%clk 00:44:42]} {[%emt 00:04:49]} h5
{[%clk 00:17:51]} {[%emt 00:20:15]} 15. Bh3 {[%clk 00:37:10]} {[%emt 00:08:02]}
Qd8 {[%clk 00:14:49]} {[%emt 00:03:33]} 16. f3 {[%clk 00:26:21]} {[%emt
00:11:19]} h4 {[%clk 00:12:30]} {[%emt 00:02:49]} 17. b4 {[%clk 00:24:37]}
{[%emt 00:02:14]} Nd7 {[%clk 00:12:43]} {[%emt 00:00:17]} 18. Rad1 {[%clk
00:22:48]} {[%emt 00:02:18]} Bh6 {[%clk 00:07:47]} {[%emt 00:05:26]} 19. Nb5
{[%clk 00:19:47]} {[%emt 00:03:30]} O-O {[%clk 00:00:47]} {[%emt 00:07:30]} 20.
Qf2 {[%clk 00:18:58]} {[%emt 00:01:19]} g5 {[%clk 00:00:35]} {[%emt 00:00:42]}
21. fxg5 {[%clk 00:19:02]} {[%emt 00:00:26]} Bxg5 {[%clk 00:00:57]} {[%emt
00:00:09]} 22. f4 {[%clk 00:17:50]} {[%emt 00:01:41]} Bf6 {[%clk 00:00:37]}
{[%emt 00:00:50]} 23. e5 {[%clk 00:17:44]} {[%emt 00:00:36]} Kh8 {[%clk
00:00:47]} {[%emt 00:00:21]} 24. exf6 {[%clk 00:16:40]} {[%emt 00:01:33]} Rg8+
{[%clk 00:00:53]} {[%emt 00:00:24]} 25. Ng3 {[%clk 00:16:58]} {[%emt 00:00:11]}
hxg3 {[%clk 00:00:55]} {[%emt 00:00:29]} 26. hxg3 {[%clk 00:17:20]} {[%emt
00:00:08]} Nxf6 {[%clk 00:01:06]} {[%emt 00:00:20]} 27. Qh2 {[%clk 00:16:40]}
{[%emt 00:01:10]} Nh7 {[%clk 00:00:39]} {[%emt 00:00:57]} 28. Bf5 {[%clk
00:16:23]} {[%emt 00:00:46]} Rg7 {[%clk 00:00:54]} {[%emt 00:00:15]} 29. Bh3
{[%clk 00:12:51]} {[%emt 00:04:03]} Qg8 {[%clk 00:00:46]} {[%emt 00:00:37]} 30.
Rd3 {[%clk 00:12:47]} {[%emt 00:00:34]} Rc8 {[%clk 00:00:40]} {[%emt 00:00:35]}
31. Bxc8 {[%clk 00:12:49]} {[%emt 00:00:29]} Qxc8 {[%clk 00:00:55]} {[%emt
00:00:16]} 32. Rc1 {[%clk 00:11:11]} {[%emt 00:02:07]} Qe6 {[%clk 00:00:57]}
{[%emt 00:00:29]} 33. Kf1 {[%clk 00:03:31]} {[%emt 00:08:10]} Qf5 {[%clk
00:00:38]} {[%emt 00:00:49]} 34. Re3 {[%clk 00:03:14]} {[%emt 00:00:46]} Qf6
{[%clk 00:00:36]} {[%emt 00:00:34]} 35. Rce1 {[%clk 00:02:54]} {[%emt
00:00:49]} e5 {[%clk 00:00:41]} {[%emt 00:00:26]} 36. Nc3 {[%clk 00:01:26]}
{[%emt 00:01:58]} exf4 {[%clk 00:00:40]} {[%emt 00:00:30]} 37. Re8+ {[%clk
00:01:43]} {[%emt 00:00:13]} Rg8 {[%clk 00:01:00]} {[%emt 00:00:10]} 38. Rxg8+
{[%clk 00:02:04]} {[%emt 00:00:09]} Kxg8 {[%clk 00:01:23]} {[%emt 00:00:07]}
39. Re8+ {[%clk 00:01:17]} {[%emt 00:01:17]} Kg7 {[%clk 00:01:46]} {[%emt
00:00:07]} 40. Qb2 {[%clk 00:00:57]} {[%emt 00:00:51]} fxg3+ {[%clk 00:01:39]}
{[%emt 00:00:38]} 41. Kg1 {[%clk 00:01:12]} {[%emt 00:00:14]} Qd4+ {[%clk
00:24:50]} {[%emt 00:07:20]} 0-1

[Event "DVM U20w 2023"]
[Site "Magdeburg GER"]
[Date "2023.12.29"]
[Round "6"]
[White "Jeschke, Melissa"]
[Black "Bilogolovko, Anna"]
[Result "1-0"]
[Termination "normal"]
[Board "9.3"]
[WhiteElo "1060"]
[BlackElo "1455"]
[WhiteClock "00:54:27"]
[BlackClock "00:51:52"]
[WhiteTeam "SK Münster 32"]
[BlackTeam "SC Strateg Stuttgart"]
[PlyCount "117"]
[WhiteFideId "34663185"]
[BlackFideId "34163085"]
[EventCountry "GER"]
[EventRounds "7"]
[EventType "team-swiss"]
[EventDate "2023.12.26"]

1. e4 {[%clk 01:29:38]} {[%emt 00:01:21]} e5 {[%clk 01:30:27]} {[%emt
00:00:58]} 2. Nf3 {[%clk 01:16:05]} {[%emt 00:00:03]} Nc6 {[%clk 01:30:45]}
{[%emt 00:00:12]} 3. Bb5 {[%clk 01:16:30]} {[%emt 00:00:05]} d6 {[%clk
01:30:58]} {[%emt 00:00:16]} 4. d4 {[%clk 01:16:17]} {[%emt 00:00:45]} Bd7
{[%clk 01:30:53]} {[%emt 00:00:34]} 5. Nc3 {[%clk 01:16:22]} {[%emt 00:00:25]}
Be7 {[%clk 01:30:56]} {[%emt 00:00:27]} 6. Bxc6 {[%clk 01:13:15]} {[%emt
00:03:38]} Bxc6 {[%clk 01:30:43]} {[%emt 00:00:42]} 7. dxe5 {[%clk 01:13:02]}
{[%emt 00:00:42]} dxe5 {[%clk 01:29:14]} {[%emt 00:02:00]} 8. Qxd8+ {[%clk
01:12:24]} {[%emt 00:01:08]} Rxd8 {[%clk 01:29:35]} {[%emt 00:00:08]} 9. Nxe5
{[%clk 01:12:43]} {[%emt 00:00:11]} Nf6 {[%clk 01:28:46]} {[%emt 00:01:20]} 10.
Nxc6 {[%clk 01:13:00]} {[%emt 00:00:13]} bxc6 {[%clk 01:29:09]} {[%emt
00:00:07]} 11. O-O {[%clk 01:12:25]} {[%emt 00:01:05]} O-O {[%clk 01:25:40]}
{[%emt 00:03:59]} 12. Be3 {[%clk 01:08:57]} {[%emt 00:03:58]} a6 {[%clk
01:24:02]} {[%emt 00:02:08]} 13. Rad1 {[%clk 01:07:30]} {[%emt 00:01:56]} Rb8
{[%clk 01:24:05]} {[%emt 00:00:27]} 14. e5 {[%clk 01:03:51]} {[%emt 00:04:10]}
Ng4 {[%clk 01:20:18]} {[%emt 00:04:16]} 15. Bd4 {[%clk 01:03:02]} {[%emt
00:01:19]} c5 {[%clk 01:19:37]} {[%emt 00:01:11]} 16. Nd5 {[%clk 01:02:37]}
{[%emt 00:00:54]} cxd4 {[%clk 01:17:37]} {[%emt 00:02:31]} 17. Nxe7+ {[%clk
01:03:04]} {[%emt 00:00:02]} Kh8 {[%clk 01:17:51]} {[%emt 00:00:15]} 18. Rxd4
{[%clk 01:01:34]} {[%emt 00:02:00]} Nxe5 {[%clk 01:17:38]} {[%emt 00:00:44]}
19. Re1 {[%clk 01:01:25]} {[%emt 00:00:39]} Rxb2 {[%clk 01:17:12]} {[%emt
00:00:55]} 20. Kf1 {[%clk 01:00:56]} {[%emt 00:00:58]} Ng6 {[%clk 01:17:08]}
{[%emt 00:00:34]} 21. Nxg6+ {[%clk 00:59:44]} {[%emt 00:01:41]} fxg6 {[%clk
01:17:23]} {[%emt 00:00:16]} 22. Rc4 {[%clk 00:59:56]} {[%emt 00:00:19]} Rxa2
{[%clk 01:17:33]} {[%emt 00:00:19]} 23. Rxc7 {[%emt 00:00:14]} Ra5 {[%clk
01:16:36]} {[%emt 00:01:18]} 24. Ree7 {[%emt 00:01:44]} Rg8 25. Ke2 {[%clk
00:59:05]} Rg5 {[%clk 01:15:24]} {[%emt 00:02:45]} 26. g3 {[%clk 00:58:59]}
{[%emt 00:00:36]} Rh5 {[%clk 01:15:49]} {[%emt 00:00:06]} 27. h4 {[%clk
00:59:19]} {[%emt 00:00:09]} Rf5 {[%clk 01:15:51]} {[%emt 00:00:27]} 28. c4
{[%clk 00:57:48]} {[%emt 00:02:01]} Rff8 {[%clk 01:15:43]} {[%emt 00:00:38]}
29. c5 {[%clk 00:56:10]} {[%emt 00:02:09]} Ra8 {[%clk 01:15:51]} {[%emt
00:00:22]} 30. Ra7 {[%clk 00:55:29]} {[%emt 00:01:12]} Rac8 {[%clk 01:15:55]}
{[%emt 00:00:25]} 31. Rac7 {[%clk 00:54:23]} {[%emt 00:01:37]} Ra8 {[%clk
01:16:20]} {[%emt 00:00:04]} 32. Ra7 {[%clk 00:54:31]} {[%emt 00:00:23]} Rac8
{[%clk 01:16:45]} {[%emt 00:00:05]} 33. Rec7 {[%clk 00:54:58]} {[%emt
00:00:03]} Rge8+ {[%clk 01:16:46]} {[%emt 00:00:29]} 34. Kd3 {[%clk 00:54:42]}
{[%emt 00:00:46]} Rcd8+ {[%clk 01:17:02]} {[%emt 00:00:14]} 35. Kc4 {[%clk
00:54:51]} {[%emt 00:00:22]} Re1 {[%clk 01:15:18]} {[%emt 00:02:13]} 36. Rxa6
{[%clk 00:54:39]} {[%emt 00:00:42]} Rc1+ {[%clk 01:15:37]} {[%emt 00:00:12]}
37. Kb5 {[%clk 00:54:54]} {[%emt 00:00:14]} Rb8+ {[%clk 01:15:12]} {[%emt
00:00:55]} 38. Kc6 {[%clk 00:55:08]} {[%emt 00:00:16]} Rf8 {[%clk 01:14:49]}
{[%emt 00:00:52]} 39. Raa7 {[%clk 00:54:41]} {[%emt 00:00:58]} Rc2 {[%clk
01:14:40]} {[%emt 00:00:40]} 40. Rxg7 {[%clk 00:54:23]} {[%emt 00:00:46]} Rf6+
{[%clk 01:05:21]} {[%emt 00:09:49]} 41. Kb5 {[%clk 00:53:56]} {[%emt 00:00:58]}
Rb2+ {[%clk 01:05:15]} {[%emt 00:00:35]} 42. Kc4 {[%clk 00:54:09]} {[%emt
00:00:18]} Rc2+ {[%clk 01:05:25]} {[%emt 00:00:20]} 43. Kb4 {[%clk 00:54:37]}
{[%emt 00:00:02]} Rb2+ {[%clk 01:05:08]} {[%emt 00:00:44]} 44. Kc3 {[%clk
00:54:53]} {[%emt 00:00:17]} Rbxf2 {[%clk 01:05:20]} {[%emt 00:00:18]} 45.
Rxh7+ {[%clk 00:54:22]} {[%emt 00:01:01]} Kg8 {[%clk 01:05:46]} {[%emt
00:00:04]} 46. Rhg7+ {[%clk 00:53:56]} {[%emt 00:00:55]} Kh8 {[%clk 01:05:56]}
{[%emt 00:00:22]} 47. Rgc7 {[%clk 00:54:17]} {[%emt 00:00:09]} Kg8 {[%clk
01:04:54]} {[%emt 00:01:32]} 48. Rc8+ {[%clk 00:54:04]} {[%emt 00:00:43]} Rf8
{[%clk 01:05:10]} {[%emt 00:00:13]} 49. Rxf8+ {[%clk 00:54:31]} {[%emt
00:00:03]} Kxf8 {[%clk 01:03:34]} {[%emt 00:02:07]} 50. Ra3 {[%clk 00:54:43]}
{[%emt 00:00:18]} Rf5 {[%clk 01:03:40]} {[%emt 00:00:23]} 51. Kb4 {[%clk
00:55:08]} {[%emt 00:00:05]} Ke8 {[%clk 01:01:51]} {[%emt 00:02:19]} 52. c6
{[%clk 00:54:25]} {[%emt 00:01:14]} Rf6 {[%clk 01:00:49]} {[%emt 00:01:31]} 53.
Kb5 {[%clk 00:54:48]} {[%emt 00:00:07]} Rf1 {[%clk 00:58:20]} {[%emt 00:02:59]}
54. Ra4 {[%clk 00:53:30]} {[%emt 00:01:47]} Rb1+ {[%clk 00:56:57]} {[%emt
00:01:53]} 55. Rb4 {[%clk 00:53:51]} {[%emt 00:00:11]} Rxb4+ {[%clk 00:51:54]}
{[%emt 00:05:32]} 56. Kxb4 {[%clk 00:54:17]} {[%emt 00:00:04]} Kd8 {[%clk
00:52:16]} {[%emt 00:00:07]} 57. Kb5 {[%clk 00:54:25]} {[%emt 00:00:23]} Kc7
{[%clk 00:51:37]} {[%emt 00:01:10]} 58. g4 {[%clk 00:54:37]} {[%emt 00:00:17]}
Kc8 {[%clk 00:51:52]} {[%emt 00:00:15]} 59. h5 {[%clk 00:54:27]} {[%emt
00:00:40]} 1-0

[Event "DVM U20w 2023"]
[Site "Magdeburg GER"]
[Date "2023.12.29"]
[Round "6"]
[White "Erakhnovich, Sofia"]
[Black "Golden, Roshaniya"]
[Result "0-1"]
[Termination "normal"]
[Board "9.4"]
[WhiteElo "789"]
[BlackElo "968"]
[WhiteClock "00:38:56"]
[BlackClock "00:48:21"]
[WhiteTeam "SC Strateg Stuttgart"]
[BlackTeam "SK Münster 32"]
[PlyCount "52"]
[WhiteFideId "34675752"]
[BlackFideId "34681663"]
[EventCountry "GER"]
[EventRounds "7"]
[EventType "team-swiss"]
[EventDate "2023.12.26"]

1. d4 {[%clk 01:30:55]} {[%emt 00:00:02]} Nf6 {[%clk 01:15:54]} {[%emt
00:01:03]} 2. Nf3 {[%clk 01:16:11]} {[%emt 00:00:15]} d5 {[%clk 01:16:13]}
{[%emt 00:00:10]} 3. e3 {[%clk 01:16:33]} {[%emt 00:00:09]} Bg4 {[%clk
01:15:33]} {[%emt 00:01:09]} 4. Nbd2 {[%clk 01:16:37]} {[%emt 00:00:26]} e6
{[%clk 01:15:46]} {[%emt 00:00:17]} 5. Bd3 {[%clk 01:16:53]} {[%emt 00:00:14]}
Bd6 {[%clk 01:15:45]} {[%emt 00:00:31]} 6. O-O {[%clk 01:17:05]} {[%emt
00:00:19]} Nbd7 {[%clk 01:15:40]} {[%emt 00:00:34]} 7. Be2 {[%clk 01:11:57]}
{[%emt 00:05:38]} O-O {[%clk 01:13:52]} {[%emt 00:02:18]} 8. b3 {[%clk
01:11:53]} {[%emt 00:00:34]} e5 {[%clk 01:11:54]} {[%emt 00:02:28]} 9. Bb2
{[%clk 01:10:27]} {[%emt 00:01:55]} e4 {[%clk 01:11:00]} {[%emt 00:01:25]} 10.
Ne5 {[%clk 01:09:38]} {[%emt 00:01:20]} Be6 {[%clk 01:09:27]} {[%emt 00:02:02]}
11. c4 {[%clk 01:04:05]} {[%emt 00:06:04]} c5 {[%clk 01:09:17]} {[%emt
00:00:40]} 12. cxd5 {[%clk 01:01:53]} {[%emt 00:02:42]} Bxd5 {[%clk 01:09:01]}
{[%emt 00:00:45]} 13. Ndc4 {[%clk 01:01:29]} {[%emt 00:00:55]} Bc7 {[%clk
01:07:52]} {[%emt 00:01:38]} 14. Qd2 {[%clk 01:00:30]} {[%emt 00:01:30]} b5
{[%clk 01:05:07]} {[%emt 00:03:14]} 15. Nxd7 {[%clk 01:00:13]} {[%emt
00:00:49]} Nxd7 {[%clk 01:04:51]} {[%emt 00:00:45]} 16. Ne5 {[%clk 01:00:36]}
{[%emt 00:00:07]} b4 {[%clk 01:03:26]} {[%emt 00:01:55]} 17. Nxd7 {[%clk
01:00:29]} {[%emt 00:00:28]} Qxd7 {[%clk 01:03:38]} {[%emt 00:00:26]} 18. dxc5
{[%clk 01:00:55]} {[%emt 00:00:04]} a5 {[%clk 01:03:13]} {[%emt 00:00:54]} 19.
Bc4 {[%clk 00:53:58]} {[%emt 00:07:28]} Rad8 {[%clk 01:02:41]} {[%emt
00:01:03]} 20. Bxd5 {[%clk 00:53:31]} {[%emt 00:00:56]} Qxd5 {[%clk 01:02:45]}
{[%emt 00:00:28]} 21. Qxd5 {[%clk 00:53:53]} {[%emt 00:00:09]} Rxd5 {[%clk
01:03:07]} {[%emt 00:00:06]} 22. Bd4 {[%clk 00:53:37]} {[%emt 00:00:47]} f5
{[%clk 01:00:28]} {[%emt 00:03:09]} 23. g3 {[%clk 00:53:48]} {[%emt 00:00:18]}
g5 {[%clk 00:59:16]} {[%emt 00:01:42]} 24. Kg2 {[%clk 00:53:56]} {[%emt
00:00:22]} f4 {[%clk 00:50:51]} {[%emt 00:08:54]} 25. Kh3 {[%clk 00:40:13]}
{[%emt 00:14:15]} f3 {[%clk 00:49:47]} {[%emt 00:01:33]} 26. g4 {[%clk
00:38:56]} {[%emt 00:01:45]} Re8 {[%clk 00:48:21]} {[%emt 00:01:56]} 0-1

[Event "DVM U20w 2023"]
[Site "Magdeburg GER"]
[Date "2023.12.29"]
[Round "6"]
[White "Gyácsok, Dzvinka"]
[Black "Kasten, Luna Seraphine"]
[Result "1-0"]
[Termination "normal"]
[Board "10.2"]
[WhiteElo "1565"]
[BlackElo "754"]
[WhiteClock "00:24:07"]
[BlackClock "01:07:28"]
[WhiteTeam "SF Birkenfeld"]
[BlackTeam "SV Eintracht Tangerhütte"]
[PlyCount "57"]
[WhiteFideId "16298292"]
[BlackFideId "34681639"]
[EventCountry "GER"]
[EventRounds "7"]
[EventType "team-swiss"]
[EventDate "2023.12.26"]

1. e4 {[%clk 01:30:58]} {[%emt 00:00:02]} Nc6 {[%clk 01:30:48]} {[%emt
00:00:11]} 2. Nf3 {[%clk 01:31:10]} {[%emt 00:00:20]} e6 {[%clk 01:31:02]}
{[%emt 00:00:14]} 3. d4 {[%clk 01:31:05]} {[%emt 00:00:36]} d5 {[%clk
01:31:07]} {[%emt 00:00:25]} 4. e5 {[%clk 01:30:00]} {[%emt 00:01:36]} f6
{[%clk 01:30:10]} {[%emt 00:01:26]} 5. c3 {[%clk 01:26:18]} {[%emt 00:04:11]}
Be7 {[%clk 01:30:02]} {[%emt 00:00:36]} 6. Bd3 {[%clk 01:24:49]} {[%emt
00:02:03]} Nh6 {[%clk 01:29:49]} {[%emt 00:00:42]} 7. Qc2 {[%clk 01:21:39]}
{[%emt 00:03:40]} f5 {[%clk 01:29:40]} {[%emt 00:00:39]} 8. O-O {[%clk
01:17:17]} {[%emt 00:04:52]} O-O {[%clk 01:29:16]} {[%emt 00:00:51]} 9. Re1
{[%emt 00:05:07]} Bh4 {[%clk 01:27:55]} {[%emt 00:00:05]} 10. h3 {[%clk
01:11:55]} {[%emt 00:03:03]} Bd7 {[%clk 01:23:29]} {[%emt 00:04:56]} 11. Nbd2
{[%clk 01:07:01]} {[%emt 00:05:23]} Be8 {[%clk 01:17:23]} {[%emt 00:06:36]} 12.
Nb3 {[%clk 01:02:55]} {[%emt 00:04:38]} Bh5 {[%clk 01:16:36]} {[%emt 00:01:17]}
13. Nxh4 {[%clk 00:59:38]} {[%emt 00:03:48]} Qxh4 {[%clk 01:16:12]} {[%emt
00:00:53]} 14. Nc5 {[%clk 00:59:22]} {[%emt 00:00:45]} Rae8 {[%clk 01:15:07]}
{[%emt 00:01:32]} 15. Bxh6 {[%clk 00:55:02]} {[%emt 00:04:54]} gxh6 {[%clk
01:15:07]} {[%emt 00:00:30]} 16. Nd7 {[%clk 00:55:13]} {[%emt 00:00:19]} Rf7
{[%clk 01:13:38]} {[%emt 00:02:00]} 17. Nf6+ {[%clk 00:55:15]} {[%emt
00:00:28]} Kf8 {[%clk 01:13:36]} {[%emt 00:00:32]} 18. Nxe8 {[%clk 00:54:15]}
{[%emt 00:01:29]} Kxe8 {[%clk 01:13:01]} {[%emt 00:01:04]} 19. Kh2 {[%clk
00:49:38]} {[%emt 00:05:09]} Rg7 {[%clk 01:12:22]} {[%emt 00:01:08]} 20. Rg1
{[%clk 00:45:21]} {[%emt 00:04:46]} f4 {[%clk 01:11:42]} {[%emt 00:01:11]} 21.
Bxh7 {[%clk 00:41:17]} {[%emt 00:04:35]} f3 {[%clk 01:11:18]} {[%emt 00:00:53]}
22. gxf3 {[%clk 00:35:47]} {[%emt 00:06:01]} Bxf3 {[%clk 01:11:10]} {[%emt
00:00:36]} 23. Rxg7 {[%clk 00:34:48]} {[%emt 00:01:30]} Qf4+ {[%clk 01:11:12]}
{[%emt 00:00:29]} 24. Kg1 {[%clk 00:32:54]} {[%emt 00:02:24]} Kf8 {[%clk
01:08:53]} {[%emt 00:02:49]} 25. Qg6 {[%clk 00:24:15]} {[%emt 00:09:10]} Ne7
{[%clk 01:08:24]} {[%emt 00:00:56]} 26. Qf6+ {[%clk 00:24:08]} {[%emt
00:00:39]} Qxf6 {[%clk 01:08:23]} {[%emt 00:00:25]} 27. exf6 {[%clk 00:24:35]}
{[%emt 00:00:10]} Nf5 {[%clk 01:07:14]} {[%emt 00:01:39]} 28. Bxf5 {[%clk
00:23:50]} {[%emt 00:01:16]} exf5 {[%clk 01:07:28]} {[%emt 00:00:15]} 29. Rxc7
{[%clk 00:24:07]} {[%emt 00:00:12]} 1-0